00447nam a2200157Ia 4500008004100000020001800041041000800059082001500067100001300082245002100095260003900116300000900155440006000164500005200224700001300276230125s9999 xx 000 0 und d a1-84112-191-6 aeng a658.8bLAM aLamont D aGlobal Marketing c2002bCapstone publicationaLondon a132p aEssential Management Thinking At Your Fingertips Series aGlobalization;Series Book;Marketing Series Book aLamont D